Vista normal
Vista MARC
Entrada Materia (personas)
Número de registros utilizados en: 1
001 - CONTROL NUMBER
- control field: 29523
003 - CONTROL NUMBER IDENTIFIER
- control field: Co-BoUCM
005 - DATE AND TIME OF LATEST TRANSACTION
- control field: 20130220113618.0
008 - FIXED-LENGTH DATA ELEMENTS
- fixed length control field: 130220|| aca||aabn | a|a d
040 ## - CATALOGING SOURCE
- Original cataloging agency: Co-BoUCM
- Transcribing agency: Co-BoUCM
100 ## - HEADING--PERSONAL NAME
- Personal name: Vicens-Vives, Jaume
- Dates associated with a name: 1910-1960
670 ## - SOURCE DATA FOUND
- Source citation: Work cat.: (Co-BoUCM)11012: Vicens-Vives, Jaume 1910-1960, Tratado general de geopolítica, 1972